书目信息 |
| 题名: |
环境伦理
|
|
| 作者: | 杨通进 著 | |
| 分册: | ||
| 出版信息: | 重庆 重庆出版社 2007.08 |
|
| 页数: | 432页 | |
| 开本: | 23cm | |
| 丛书名: | 走向生态文明丛书 | |
| 单 册: | ||
| 中图分类: | B82-058 | |
| 科图分类: | ||
| 主题词: | 环境科学--huan jing ke xue--伦理学 | |
| 电子资源: | ||
| ISBN: | 978-7-5366-9138-4 | |
| 000 | 01204nam 2200277 450 | |
| 001 | 012008496196 | |
| 005 | 20080611105233.87 | |
| 010 | @a978-7-5366-9138-4@dCNY48.50 | |
| 100 | @a20080611d2007 em y0chiy0120 ea | |
| 101 | 0 | @achi |
| 102 | @aCN@b110000 | |
| 105 | @ay z 000yy | |
| 106 | @ar | |
| 200 | 1 | @a环境伦理@Ahuan jing lun li@e全球话语中国视野@d= Environmental ethic@eglobal discourse, Chinese perspective@f杨通进著@Fyang tong jin zhu@zeng |
| 210 | @a重庆@c重庆出版社@d2007.08 | |
| 215 | @a432页@d23cm | |
| 225 | 2 | @a走向生态文明丛书@Azou xiang sheng tai wen ming cong shu |
| 330 | @a本书由8章组成。主要内容包括:多维视野中的环境伦理学;环境伦理学的思想渊源及其现代建构;环境伦理学主要理论流派;人类中心主义与非人类中心主义之争;种际伦理及其可能性;动物的道德地位;代际伦理与可持续发展;环境正义与全球环境治理等。 | |
| 410 | 0 | @12001 @a走向生态文明丛书 |
| 510 | 1 | @aEnvironmental ethic@eglobal discourse, Chinese perspective@zeng |
| 517 | 1 | @a全球话语中国视野@Aquan qiu hua yu zhong guo shi ye |
| 606 | 0 | @a环境科学@Ahuan jing ke xue@x伦理学 |
| 690 | @aB82-058@v4 | |
| 701 | 0 | @a杨通进@Ayang tong jin@4著 |
| 801 | 0 | @aCN@bQSSK@c20080611 |
| 905 | @b725900-02@dB82-058@eY282@f3 | |
| 环境伦理:全球话语中国视野= Environmental ethic:global discourse, Chinese perspective/杨通进著.-重庆:重庆出版社,2007.08 |
| 432页;23cm.-(走向生态文明丛书) |
| ISBN 978-7-5366-9138-4:CNY48.50 |
| 本书由8章组成。主要内容包括:多维视野中的环境伦理学;环境伦理学的思想渊源及其现代建构;环境伦理学主要理论流派;人类中心主义与非人类中心主义之争;种际伦理及其可能性;动物的道德地位;代际伦理与可持续发展;环境正义与全球环境治理等。 |
| ● |
| 相关链接 |
|
|
|
正题名:环境伦理
索取号:B82-058/Y282
 
预约/预借
| 序号 | 登录号 | 条形码 | 馆藏地/架位号 | 状态 | 备注 |
| 1 | 725900 | 207259009 | 社科库509/509社科库 21排2列3层/ [索取号:B82-058/Y282] | 在馆 | |
| 2 | 725901 | 207259018 | 社科库509/509社科库 21排2列3层/ [索取号:B82-058/Y282] | 在馆 | |
| 3 | 725902 | 207259027 | 社科库509/509社科库 21排2列3层/ [索取号:B82-058/Y282] | 在馆 |